000 00767nam a2200253Ia 4500
003 OSt
005 20220918105524.0
006 a|||||r|||| 00| 0
007 ta
008 220915b |||||||| |||| 00| 0 eng d
024 _a14506
037 _cReference Collections
040 _aARTS
_cARTS
_beng
041 _2eng
_aeng
082 _aNR0aNS,2.9M, K4(RR)
100 _aSarabhai Vidya Nawab
_91915
245 0 _a419 illustrations of Indian music and dance in Western Indian Style
260 _aAhmedabad
_bSarabhai Manilal Nawab
_c1964
300 _axvi,85p. plates
490 _aJain Art pub series; 4
650 _aARTS
942 _hNR0aNS,2.9M, K4(RR)
_cREF
999 _c107804
_d107804